| 000 | 00929nam a2200265 i 4500 | ||
|---|---|---|---|
| 001 | 59026 | ||
| 003 | ES-MaACL | ||
| 005 | 20260623174045.0 | ||
| 007 | t| | ||
| 008 | 031027s1934 fr ||||1| fre d | ||
| 100 | 1 |
_aErenburg, Il'ia Grigor'evich. _947378 |
|
| 245 | 1 | 0 |
_aDuhamel, Gide, Malraux, Mauriac, Morand, Romains, Unamuno vus par un écrivain d'U.R.S.S. / _cUlya Ehrenbourg. |
| 250 | _a4eme ed. | ||
| 260 |
_aParis : _bGallimard, _c1934. |
||
| 300 |
_a219 p. ; _c19 cm. |
||
| 600 | 1 | 4 |
_aDuhamel, Georges, _d1884-1966 _945938 |
| 600 | 1 | 4 |
_aGide, André, _d1869-1951 _956674 |
| 600 | 1 | 4 |
_aMalraux, André, _d1901-1976 _975859 |
| 600 | 1 | 4 |
_aMauriac, François, _d1885-1970 _979251 |
| 600 | 1 | 4 |
_aMorand, Paul, _d1888-1976 _983133 |
| 600 | 1 | 4 |
_aRomains, Jules, _d1885-1972 _999206 |
| 600 | 1 | 4 |
_aUnamuno, Miguel de, _d1864-1936- _xCrítica e interpretación _9111984 |
| 852 |
_aES-MaACL _jA-2724 |
||
| 999 |
_c59026 _d59026 |
||